00498nam a2200193Ia 4500003000400000005001700004008004100021020002200062040000700084041000800091082002100099100002000120245006000140260003600200300001800236365001300254650001400267650002300281OSt20230623095032.0210423s2015 xx 000 0 und d a978-93-5203-139-9 cAL aeng a541.3 223bSHAE aSHAHI (Ranjeet) aEssential physical chemistry: for JEE main and advanced aMeerutbArihant Prakashanc2015 av,1068,23bPB b745cINR aChemistry aPhysical Chemistry